000 00247nam a22000977a 4500
008 160510b xxu||||| |||| 00| 0 eng d
041 _aeng
080 _a547
245 _aGeneral organic and biochemistry:
_cBettelheim; Brown; March;
942 _2udc
_cBK
999 _c1949
_d1949